Las industrias culturales en España (Record no. 6782)

MARC details
000 -LEADER
campo de control de longitud fija 00966nam a2200277 i 4500
001 - NÚMERO DE CONTROL
campo de control 6782
003 - IDENTIFICADOR DE NÚMERO DE CONTROL
campo de control ES-MaACL
005 - FECHA Y HORA DE LA ÚLTIMA TRANSACCIÓN
campo de control 20250809051036.0
007 - CAMPO FIJO DE DESCRIPCIÓN FÍSICA--INFORMACIÓN GENERAL
campo de control de longitud fija t|
008 - DATOS DE LONGITUD FIJA--INFORMACIÓN GENERAL
campo de control de longitud fija 900531s1988 sp ||||1| spa d
020 ## - NÚMERO INTERNACIONAL ESTÁNDAR DEL LIBRO
Número Internacional Estándar del Libro 84-7600-339-0
080 ## - NÚMERO DE LA CLASIFICACIÓN DECIMAL UNIVERSAL
Número de la Clasificación Decimal Universal 301.153.2:338.45(46)
080 ## - NÚMERO DE LA CLASIFICACIÓN DECIMAL UNIVERSAL
Número de la Clasificación Decimal Universal 338.45(46):301.153.2
245 04 - MENCIÓN DEL TÍTULO
Título Las industrias culturales en España
Resto del título : (grupos multimedia y transnacionales) : prensa, radio, TV, libro, cine, disco, publicidad /
Mención de responsabilidad, etc. Enrique Bustamante, Ramon Zallo (coords.) ; colaboran, Jose Carron... [et al.].
260 ## - PUBLICACIÓN, DISTRIBUCIÓN, ETC.
Lugar de publicación, distribución, etc. Madrid :
Nombre del editor, distribuidor, etc. Akal,
Fecha de publicación, distribución, etc. [1988]
300 ## - DESCRIPCIÓN FÍSICA
Extensión 327 p. ;
Dimensiones 24 cm.
490 1# - MENCIÓN DE SERIE
Mención de serie Akal/comunicación ;
Designación de volumen o secuencia 2
500 ## - NOTA GENERAL
Nota general Índice.
650 14 - PUNTO DE ACCESO ADICIONAL DE MATERIA--TÉRMINO DE MATERIA
Término de materia o nombre geográfico como elemento de entrada Industrias culturales-
Subdivisión general España.
9 (RLIN) 13743
700 1# - ENTRADA AGREGADA--NOMBRE PERSONAL
Nombre de persona Bustamante, Enrique,
Término indicativo de función/relación
9 (RLIN) 195257
700 1# - ENTRADA AGREGADA--NOMBRE PERSONAL
Nombre de persona Zallo, Ramón.
9 (RLIN) 117879
700 1# - ENTRADA AGREGADA--NOMBRE PERSONAL
Nombre de persona Carron, José.
9 (RLIN) 35850
830 10 - PUNTO DE ACCESO ADICIONAL DE SERIE-TÍTULO UNIFORME
Título uniforme Akal/Comunicación
Designación de volumen o secuencia 2
9 (RLIN) 227828
852 ## - LOCALIZACIÓN
Ubicación ES-MaACL
Número de control de estantería L-14026
Holdings
Estatus retirado Estado de pérdida Estado de daño No para préstamo Biblioteca de origen Biblioteca actual Ubicación en estantería Fecha de adquisición Fuente de adquisición Total de préstamos Signatura topográfica completa Código de barras Visto por última vez Precio de reemplazo Tipo de ítem Koha
        Biblioteca del Ateneo de Madrid Biblioteca del Ateneo de Madrid Depósito 2 17/01/2008     L-14026 1006917 23/02/2023 23/02/2023 Libro impreso